00390nmm a2200133Ia 4500008004100000041000800041100002500049245002500074264005100099300001800150490001400168650002200182856005200204251105s9999||||xx |||||||||||||||||und|| aspa aDuque Moros, Antonio 0aLos años olvidados a[Madrid, España] :bEditorial Egales, c2018 a253 páginas aNarrativa aSpanish narrative uhttps://public.digitaliapublishing.com/a/175338